1899 1771 1408 1878 1251 1444 1640 1859 1195 1234 1465 1472 1647 1683 1984 1341 1227 1259 1177 1929 1510 1340 1820 1795 1769 1833 1120 1037 1334 1637 1834 1199 1089 1697 1597 1696 1999 1257 1235 1832 1080 1237 1970 1969 1996 1621 1583 1891 1279 1940 1212 1984 1671 1027 1292 1911 1524 1574 1422 1797 1147 1247 1238 1402 1726 1394 1977 1148 1617 1554 1035 1281 1612 1052 1398 1452 1267 1275 1837 1022 1018 1500 1794 1643 1826 1319 1662 1421 1456 1308 1323 1399 1458 1095 1352 1858 1535 1366 1006 BCNSPRNW ULIB Ver.6.0+V

เปลี่ยนเป็นภาษาไทย

Change to English
 แสดงรายละเอียดบรรณานุกรม
  กลับหน้าหลัก

Brief Record : Get Marc (ISO 2709) : E-mail record : QR code < ปิดหน้าต่าง
LEADER : 00000nam 2200000uu 4500
001    13399126474
003     ULIB
008    180920s2014||||th 000 0 tha d
020    ^a9781107678101
050    ^aPE1127.M4^bN11U
100    ^aN. M. White
245    ^aUnlock Listening and Speaking Skills 1 Student s Book and Online Workbook /^cJohanna Stirling
250    4th ed
260    ^aLondon :^bCambridge University Press,^c2014
300    ^a224 pages;^c26 cm
650    ^aListening
650  0 ^aSpeaking
945    ^p386^l0^i004648
999    ^aประนอม เกษจรัล
รายการนี้ยังไม่มีแท็ก
คุณยังไม่ได้ล็อกอิน คุณสามารถมีกิจกรรมร่วมกับเว็บไซต์ได้ แต่ต้องล็อกอินก่อน ::
  ล็อกอิน

รายการสื่อสารสนเทศ

ลำดับที่ ประเภท เลขเรียก/บาร์โค้ด สถานที่ สถานะ
1. การศึกษาทั่วไป
หนังสือสำรอง
สถานะ=หนังสือสำรอง
PE1127.M4 N11U ฉ.1 
  Barcode: 004648
ห้องสมุดวิทยาเขตสวรรค์ประชารักษ์
►หนังสือทั่วไป
บนชั้น

รายการใกล้เคียง
    ผู้แต่ง [N. M. White]

    หัวเรื่อง [Listening]
    หัวเรื่อง [Speaking]

BibComment


ยังไม่เคยถูกคอมเมนท์

คอมเมนท์ทรัพยากรรายการนี้
  คอมเมนท์: Unlock Listening..


 Copyright 2026. Bcnsprnw @Library